Tvorba investičného portfólia fyzických osôb do investičných fondov bakalárska práca

Saved in:
Bibliographic Details
Main Author: Uhrinová, Dorota
Corporate Author: Podnikovohospodárska fakulta EU so sídlom v Košiciach. Katedra kvantitatívnych metód
Other Authors: Hudák, Matej, 1984-
Format: Book
Language:Slovak
Published: Košice 2020
Tags: Add Tag
No Tags, Be the first to tag this record!

MARC

LEADER 00000nbm a2200000 4500
001 0268000
005 20201208131237.9
041 0 |a slo 
044 |a SK 
245 1 0 |a Tvorba investičného portfólia fyzických osôb do investičných fondov  |b bakalárska práca  |c Dorota Uhrinová ; školiteľ: Matej Hudák 
264 1 |a Košice  |c 2020 
300 |a 49 s. 
100 1 |a Uhrinová, Dorota 
700 1 |a Hudák, Matej, 1984- 
710 2 |a Podnikovohospodárska fakulta EU so sídlom v Košiciach. Katedra kvantitatívnych metód